Loading...

Rural and agricultural marketing : opportunities, challenges and bussiness strategies

Bibliographic Details
Main Author: Mukesh Pandey
Other Authors: Deepali Tewari
Format: Printed Book
Language:Undetermined
Published: Lucknow International Book Distributing Co 2004
Subjects:
LEADER 00682nam a2200181Ia 4500
008 140316s9999 xx 000 0 und d
020 |a 8180300153 
082 |a 380.141  |b MUK/RU 
100 |a Mukesh Pandey 
245 |a Rural and agricultural marketing : opportunities, challenges and bussiness strategies 
260 |a Lucknow  |b International Book Distributing Co  |c 2004 
300 |a 480 
650 |a Agricultural Credit 
650 |a Agricultural Credit 
700 |a Deepali Tewari 
942 |2 ddc  |c BK 
999 |c 4807  |d 4807 
952 |0 0  |1 0  |2 ddc  |4 0  |6 380_141000000000000_MUKRU  |7 0  |9 5793  |a KAUCLV  |b KAUCLV  |c GENERAL  |d 2014-03-18  |l 5  |m 1  |o 380.141 MUK/RU  |p 211059  |r 2020-02-06  |s 2019-12-03  |w 2014-03-18  |y BK